[Event "XVII MetLife Najdorf Open 2017"]
[Site "Warsaw"]
[Date "2017.07.15"]
[Round "7"]
[White "Percivaldi, Martin"]
[Black "Reza, Wojciech"]
[Result "1-0"]
[WhiteElo "2433"]
[BlackElo "2258"]
[Annotator "TA"]
[PlyCount "101"]
[EventDate "2017.??.??"]
[EventType "swiss"]
[EventCountry "POL"]
[SourceTitle "playchess.com"]
[Source "ChessBase"]
[SourceQuality "1"]

1. d4 {Program Activation Required} Nf6 2. c4 g6 3. Nf3 Bg7 4. g3 c6 5. Bg2 d5 6. O-O O-O 7. Qb3 Qb6 8. Nc3 dxc4 9. Qxc4 Be6 10. Qa4 Na6 11. e4 {D78: Fianchetto Grünfeld: 6 0-0 c6} Qb4 $146 ({NOTEXT:} 11... Nb4 12. d5 Bd7 13. Be3 c5 14. Qd1 Ng4 15. Bg5 f6 16. Bc1 f5 17. h3 fxe4 18. Nxe4 Bf5 {1-0 (66) Moranda,W (2589)-Szelag,M (2469) Gorzow Wielkopolski 2014}) 12. Qc2 Nd7 13. Be3 Nb6 14. Rad1 Rfd8 15. h3 Nc4 16. Bc1 c5 17. d5 Bd7 18. Rfe1 e5 19. dxe6 Bxe6 20. Ng5 Na3 21. bxa3 Qxc3 22. Qb1 b6 23. Nxe6 fxe6 24. e5 Rxd1 25. Rxd1 Rf8 26. Bb2 Qc4 27. Bf1 Qa4 28. Rd6 Nc7 29. Qd3 Rf7 30. Rd8+ Bf8 31. Bc1 Kg7 32. Bg5 Nd5 33. Bg2 c4 34. Qd2 c3 35. Bh6+ Kg8 36. Qd3 Qc6 37. Rxd5 c2 38. Bc1 exd5 39. Bxd5 Qc5 40. Qf3 Qc7 41. Qb3 Bg7 42. f4 Bf8 43. Kf2 Qc5+ 44. Kg2 Qd4 45. Bxf7+ Kg7 46. Be8 Qe4+ 47. Qf3 Qe1 48. Qf1 Qc3 49. Ba4 Bc5 50. Bb3 a5 51. f5 1-0

[Event "XVII MetLife Najdorf Open 2017"]
[Site "Warsaw"]
[Date "2017.07.15"]
[Round "7"]
[White "Janik, Igor"]
[Black "Selbes, Tarik"]
[Result "1-0"]
[WhiteElo "2425"]
[BlackElo "2260"]
[Annotator "TA"]
[PlyCount "139"]
[EventDate "2017.??.??"]
[EventType "swiss"]
[EventCountry "POL"]
[SourceTitle "playchess.com"]
[Source "ChessBase"]
[SourceQuality "1"]

{[%evp 26,139,6,0,14,6,17,0,5,11,17,-34,-19,0,33,0,0,-42,25,31,82,87,112,99,176,140,247,68,60,101,253,240,247,244,216,242,238,243,360,130,147,89,97,1,1,1,67,70,79,1,2,2,2,8,8,2,6,0,0,0,0,0,0,0,0,0,0,0,0,0,0,0,0,0,0,0,12839,12839,12840,12840,12837,0,0,0,0,0,0,0,0,0,0,0,0,0,0,0,12843,12843,12850,12850,12850,12850,12850,12848,12849,12849,12850,12849,12850,12848,12849,12849,12850,12850,12850,12850]} 1. e4 e5 2. Nf3 Nc6 3. Bb5 Nge7 4. O-O g6 5. c3 a6 6. Ba4 Bg7 7. d4 exd4 8. cxd4 O-O 9. Nc3 b5 {C60: Ruy Lopez: Unusual Black 3rd moves and 3...g6} 10. Bb3 d6 11. h3 Na5 12. Bc2 (12. Bg5 h6 13. Bxe7 Qxe7 14. Nd5 Qd8 15. Rc1 c6 16. Nf4 {½-½ (48) Vachier Lagrave,M (2758)-Mamedyarov,S (2765) Beijing 2014}) 12... Bb7 13. Bf4 Nc4 14. b3 {LiveBook: 3 Games} Na3 15. Bd3 c5 16. Qc1 Rc8 17. Qxa3 $146 ({Predecessor:} 17. Ne2) 17... b4 18. Qa4 (18. Qb2 $11 bxc3 19. Qxc3) 18... bxc3 $15 19. dxc5 Rxc5 20. Be3 Rh5 21. Qb4 Qa8 (21... Qd7 $15) 22. Qxd6 $11 Nc6 (22... Nf5 $14 23. exf5 Rd8) 23. Be2 $1 $16 Rd8 24. Qg3 h6 (24... Re8 $16) 25. Bc4 $36 {[%mdl 2048] White is on the roll.} Ne7 (25... Na5 $16) 26. Qc7 $2 (26. Qf4 $18 Rf8 27. Bd4) 26... Re8 $1 $14 27. Qf4 Rf8 $2 (27... Kh7 $16) 28. Bd4 $18 Bxe4 {aiming for ...Rf5.} 29. Bxg7 Kxg7 30. Rfe1 Bxf3 31. Rxe7 Bd5 (31... Rf5 $142 32. Qd4+ Kh7) 32. Qd4+ $2 (32. g4 $18 Bxc4 33. gxh5) 32... Kg8 $16 33. Bxd5 (33. Qxc3 Bxg2 34. Rae1 Bd5 $11) (33. g4 $142 Bh1 34. Bf1) 33... Qxd5 34. Qxd5 (34. Qxc3 $16 {next Rae1 is good for White.} Qd6 35. Rc7) 34... Rxd5 {[%mdl 4096] Endgame KRR-KRR} 35. Rc7 Rd3 ({Black should play} 35... Rfd8 $1 $11) 36. Rc1 $14 Re8 {[#]} 37. R1xc3 (37. a4 $1 $16) 37... Re1+ 38. Kh2 Rxc3 39. Rxc3 $11 {KR-KR} Re2 40. a3 Rxf2 41. b4 Ra2 42. Kg3 Kg7 43. Kf3 h5 44. g3 {[%cal Bg2g3,Bg3g4,Bg4f5][%mdl 32]} g5 45. Ke4 f6 46. Kd5 Rh2 47. g4 h4 48. a4 {Strongly threatening b5.} Rg2 49. b5 (49. Rf3 $5 {[%cal Rb4b5]}) 49... axb5 50. axb5 {Threatens to win with b6.} Rb2 $2 {[%mdl 8192]} (50... f5 $11) 51. Kc6 $18 f5 52. gxf5 Kf6 53. Rc5 $2 (53. b6 $18 Kxf5 54. Rc5+ Ke4 55. Rxg5) 53... g4 $1 $11 {[%cal Rg4h3]} 54. hxg4 {Hoping for Rc3.} h3 55. Rc3 h2 56. Rh3 {Rh5 is the strong threat.} Kg5 57. Rh7 {And now b6 would win.} Kxg4 58. f6 Rf2 59. f7 Kg3 60. Rg7+ (60. b6 $5 {[%cal Rb6b7]} Rf6+ 61. Kb5 Rxf7 62. Rh6 $11) 60... Kh4 $2 {[%mdl 8192]} (60... Kh3 $11 61. Kd7 (61. Rh7+ Kg3 $11) 61... h1=Q 62. Rh7+ Kg2 63. Rxh1 Kxh1) 61. Kd6 $18 {White is clearly winning.} (61. Rh7+ Kg3 $16) 61... Rf5 62. Rh7+ Kg3 63. Ke6 ({Not} 63. Ke7 Rxb5 64. Rg7+ (64. Rxh2 Rb7+ 65. Ke6 Rxf7 $11) 64... Kh3 $16) 63... Rf4 64. b6 Re4+ 65. Kd6 Rf4 66. Ke7 Re4+ 67. Kf6 Rf4+ {[#]} 68. Kg7 $1 Rg4+ 69. Kh8 {Intending b7 and mate.} Rf4 70. b7 {Precision: White = 48%, Black = 57%.} 1-0

[Event "XVII MetLife Najdorf Open 2017"]
[Site "Warsaw"]
[Date "2017.07.15"]
[Round "7"]
[White "Molenda, Marcin"]
[Black "Riff, Jean-Noel"]
[Result "1/2-1/2"]
[WhiteElo "2419"]
[BlackElo "2493"]
[Annotator "TA"]
[PlyCount "35"]
[EventDate "2017.??.??"]
[EventType "swiss"]
[EventCountry "POL"]
[SourceTitle "playchess.com"]
[Source "ChessBase"]
[SourceQuality "1"]

{[%evp 21,32,14,31,7,16,12,23,14,21,12,42,34,51]} 1. d4 Nf6 2. Nf3 e6 3. c4 Bb4+ 4. Bd2 Qe7 5. Nc3 O-O 6. g3 Bxc3 7. Bxc3 Ne4 8. Qc2 Nxc3 9. Qxc3 d6 10. Bg2 Re8 {E11: Bogo-Indian} 11. O-O e5 {LiveBook: 6 Games} 12. e4 (12. dxe5 dxe5 13. Nd2 Nd7 14. b4 Nf6 15. Ne4 Nxe4 16. Bxe4 c6 17. Rfd1 Bg4 18. Rd2 {0-1 (27) Sargissian,G (2671)-Tkachiev,V (2649) Khanty-Mansiysk 2013}) 12... Bg4 {The position is equal.} 13. d5 a5 (13... Bxf3 $5 14. Qxf3 a5 $11) 14. b3 Nd7 15. a3 Nc5 (15... Bxf3 $5 16. Qxf3 g6 $11) 16. Nd2 c6 {Predecessor:} 17. b4 $146 axb4 18. axb4 {0-1 (52) Rodrigues da Silva,E (2183)-Jatoba de Oliveira Reis,P (2379) Recife 2011} 1/2-1/2

[Event "XVII MetLife Najdorf Open 2017"]
[Site "Warsaw"]
[Date "2017.07.15"]
[Round "7"]
[White "Das, Arghyadip"]
[Black "Dzierzak, Radoslaw"]
[Result "1/2-1/2"]
[WhiteElo "2416"]
[BlackElo "2231"]
[Annotator "TA"]
[PlyCount "45"]
[EventDate "2017.??.??"]
[EventType "swiss"]
[EventCountry "POL"]
[SourceTitle "playchess.com"]
[Source "ChessBase"]
[SourceQuality "1"]

{[%evp 9,45,21,45,24,22,-68,-52,-50,-64,-62,-6,-65,0,-30,-19,-31,0,0,-9,-14,108,-5,-12,0,49,34,34,6,58,50,63,0,16,19,14,0,0,0]} 1. e4 c6 2. d4 d5 3. e5 c5 4. dxc5 Nc6 5. Nf3 Bg4 6. c3 {B12: Caro-Kann: Advance Variation} e6 7. Qb3 (7. b4 $11) (7. b4 a6 8. Nbd2 Nxe5 9. Qa4+ Nd7 10. Ne5 Ngf6 11. c4 a5 12. Nb3 axb4 13. Qb5 Be7 {0-1 (53) Topalov,V (2760)-Nakamura,H (2779) London 2016}) 7... Qc7 8. Be3 $146 {Black is slightly better.} ({Predecessor:} 8. Nd4 Bxc5 9. Be3 Bb6 10. Bb5 Nge7 11. Qa4 O-O 12. Nxc6 bxc6 13. Qxg4 Bxe3 {0-1 (56) Deswarte,I-Ganger,R Uxbridge 2009}) 8... Bxf3 $1 9. gxf3 O-O-O (9... Nge7 $15) 10. Qa4 (10. Na3 $11) 10... Kb8 (10... Nxe5 $15 11. f4 Nf3+ 12. Ke2 d4 13. Kxf3 dxe3 14. fxe3 Bxc5) 11. f4 g5 12. fxg5 Nxe5 13. Na3 $36 {[%mdl 2048] Black is under pressure.} a6 $1 14. Qb4 Ka8 (14... Ne7 $11) 15. Qb6 (15. Nb5 $16 Qd7 16. f4) 15... Qxb6 $11 16. cxb6 Ng4 17. Bf4 {[#] f3 is the strong threat.} Bd6 18. Bg3 Ne7 (18... h6 $11) 19. Be2 $14 h5 20. gxh6 (20. Nc2 $14) 20... Nxh6 {The position is equal.} 21. O-O-O Nhf5 22. c4 Nxg3 23. fxg3 {Precision: White = 41%, Black = 31%.} 1/2-1/2

[Event "XVII MetLife Najdorf Open 2017"]
[Site "Warsaw"]
[Date "2017.07.15"]
[Round "7"]
[White "Barski, Radoslaw"]
[Black "Kubicka, Anna"]
[Result "1-0"]
[WhiteElo "2402"]
[BlackElo "2152"]
[Annotator "RC"]
[PlyCount "83"]
[EventDate "2017.??.??"]
[EventType "swiss"]
[EventCountry "POL"]
[SourceTitle "playchess.com"]
[Source "ChessBase"]
[SourceQuality "1"]
[TimeControl "40/5400+30:1800+30"]

1. e4 {[%emt 0:00:00]} c6 {[%emt 0:00:25]} 2. d4 {[%emt 0:00:00]} d5 {[%emt 0:00:09]} 3. e5 {[%emt 0:00:00]} Bf5 {[%emt 0:00:23]} 4. Nf3 {[%emt 0:00:00]} e6 {[%emt 0:00:11]} 5. Be2 {[%emt 0:00:00]} Nd7 {[%emt 0:00:28]} 6. O-O {[%emt 0:00:06]} Ne7 {[%emt 0:00:28]} 7. a4 {[%emt 0:02:07]} c5 {[%emt 0:00:38]} 8. a5 {[%emt 0:04:14]} a6 {[%emt 0:01:02]} 9. dxc5 {[%emt 0:22:06]} Nc6 {[%emt 0:01:09]} 10. Bf4 {[%emt 0:00:36]} Bxc5 {[%emt 0:02:43]} 11. c3 {[%emt 0:01:13]} O-O {[%emt 0:01:29]} 12. b4 {[%emt 0:02:35]} Be7 {[%emt 0:02:46]} 13. Re1 {[%emt 0:04:23]} Qc7 {[%emt 0:04:13]} 14. Bd3 {[%emt 0:12:14]} Bg4 {[%emt 0:10:56]} 15. Nbd2 {[%emt 0:00:45]} Rac8 {[%emt 0:09:51]} 16. Qb1 {[%emt 0:04:29]} h6 {[%emt 0:00:39]} 17. h3 {[%emt 0:04:23]} Bxf3 {[%emt 0:00:43]} 18. Nxf3 {[%emt 0:00:05]} d4 {[%emt 0:03:23]} 19. cxd4 {[%emt 0:02:37]} Bxb4 {[%emt 0:10:54]} 20. Rc1 {[%emt 0:01:27]} Ndb8 {[%emt 0:00:49]} 21. d5 {[%emt 0:12:14]} exd5 {[%emt 0:00:51]} 22. Bh7+ {[%emt 0:00:06]} Kh8 {[%emt 0:00:15]} 23. Bf5 {[%emt 0:00:03]} Qe7 {[%emt 0:05:41]} 24. Bxc8 {[%emt 0:01:53]} Rxc8 {[%emt 0:00:10]} 25. Ra4 {[%emt 0:09:05]} Rd8 {[%emt 0:01:34]} 26. e6 {[%emt 0:02:05]} fxe6 {[%emt 0:12:10]} 27. Ne5 {[%emt 0:00:22]} Nxe5 {[%emt 0:00:10]} 28. Rxb4 {[%emt 0:00:25]} Nc4 {[%emt 0:01:15]} 29. Rxb7 {[%emt 0:00:50]} Nd7 {[%emt 0:00:20]} 30. Ra7 {[%emt 0:06:28]} Qf8 {[%emt 0:01:48]} 31. Bc7 {[%emt 0:01:57]} Rc8 {[%emt 0:08:22]} 32. Qg6 {[%emt 0:01:18]} Qf6 {[%emt 0:05:35]} 33. Qg3 {[%emt 0:03:05]} Nxa5 {[%emt 0:03:41]} 34. Qd6 {[%emt 0:00:20]} Nb8 {[%emt 0:06:52]} 35. Ra8 {[%emt 0:01:38]} Qb2 {[%emt 0:01:45]} 36. Re1 {[%emt 0:00:39]} Nc4 {[%emt 0:00:33]} 37. Qg3 {[%emt 0:01:01]} e5 {[%emt 0:00:32]} 38. Rxe5 {[%emt 0:01:14]} Nxe5 {[%emt 0:03:29]} 39. Bxe5 {[%emt 0:00:04]} Qb7 {[%emt 0:00:38]} 40. Bd4 {[%emt 0:00:00]} Kh7 {[%emt 0:00:56]} 41. Ra7 {[%emt 0:01:14]} Qb1+ {[%emt 0:03:54]} 42. Kh2 {[%emt 0:03:33]} 1-0

[Event "XVII MetLife Najdorf Open 2017"]
[Site "Warsaw"]
[Date "2017.07.15"]
[Round "7"]
[White "Tomczak, Mikolaj"]
[Black "Lalith Babu M R"]
[Result "0-1"]
[WhiteElo "2395"]
[BlackElo "2530"]
[Annotator "TA"]
[PlyCount "48"]
[EventDate "2017.??.??"]
[EventType "swiss"]
[EventCountry "POL"]
[SourceTitle "playchess.com"]
[Source "ChessBase"]
[SourceQuality "1"]

{[%evp 27,48,0,60,73,83,73,99,0,0,0,0,0,0,-112,-127,-117,-135,-391,-380,-360,-380,-460,-437]} 1. d4 d5 2. c4 Nc6 3. Nf3 Bg4 4. cxd5 Bxf3 5. gxf3 Qxd5 6. e3 e5 7. Nc3 Bb4 8. Bd2 Bxc3 9. bxc3 Qd6 10. Rb1 b6 11. f4 {D07: Queen's Gambit: Chigorin Defence} exf4 12. e4 Nge7 13. Qf3 O-O 14. Bxf4 Qa3 {LiveBook: 8 Games} (14... Qe6 $1 $11) 15. Bg2 $14 (15. Be2 Ng6 16. Bg3 Na5 17. O-O Rfe8 18. Bxc7 Rac8 19. Qg3 Qe7 20. Bb5 {½-½ (20) Tishin,P (2427)-Zaitsev,A (2504) Pervomaisky 2016}) 15... Ng6 16. Bg3 f5 {[#] And now ...f4 would win.} 17. exf5 $146 (17. Qd3 $1 $16 Qxa2 18. exf5 Rae8+ 19. Be4 Rxf5 20. O-O) ({Predecessor:} 17. Qd3 Nxd4 18. Qc4+ Kh8 19. cxd4 Qa5+ {0-1 (60) Wacker,P (2312)-Stenzel,T (2112) Germany 2013}) 17... Rae8+ $11 18. Kf1 Nce7 19. Bh3 Qxa2 20. Kg2 (20. Re1 $1 $11) 20... Nd5 $36 {[%mdl 2048] Hoping for ...Ne3+. Black has strong initiative.} 21. Ra1 Qc4 {...Ndf4+! is the strong threat.} 22. Qg4 $2 {[%mdl 8192]} (22. Kg1 $17 {was forced.}) 22... Qc6 $19 {Threatens to win with ...h5.} 23. Kg1 Qxc3 24. Rf1 {[#]} Ngf4 $1 {[%mdl 512]} 0-1

[Event "XVII MetLife Najdorf Open 2017"]
[Site "Warsaw"]
[Date "2017.07.15"]
[Round "7"]
[White "Gumularz, Szymon"]
[Black "Krstulovic, Alex"]
[Result "0-1"]
[WhiteElo "2391"]
[BlackElo "2252"]
[Annotator "NA RC"]
[PlyCount "80"]
[EventDate "2017.??.??"]
[EventType "swiss"]
[EventCountry "POL"]
[SourceTitle "playchess.com"]
[Source "ChessBase"]
[SourceQuality "1"]
[TimeControl "40/5400+30:1800+30"]

1. e4 {[%emt 0:04:33]} e5 {[%emt 0:00:35]} 2. Nf3 {[%emt 0:00:10]} Nc6 {[%emt 0:00:08]} 3. Bc4 {[%emt 0:00:05]} Bc5 {[%emt 0:00:23]} 4. c3 {[%emt 0:00:06]} Nf6 {[%emt 0:00:31]} 5. d3 {[%emt 0:00:07]} O-O {[%emt 0:00:28]} 6. O-O {[%emt 0:00:17]} a6 {[%emt 0:01:24]} 7. Bb3 {[%emt 0:00:58]} h6 {[%emt 0:04:48]} 8. d4 {[%emt 0:15:46]} Ba7 {[%emt 0:19:36]} 9. Nxe5 {[%emt 0:11:01]} Nxe5 {[%emt 0:02:28]} 10. dxe5 {[%emt 0:00:04]} Nxe4 {[%emt 0:00:05]} 11. Bd5 {[%emt 0:12:58]} Nxf2 {[%emt 0:06:40]} 12. Rxf2 {[%emt 0:01:11]} d6 {[%emt 0:02:34]} 13. Qe2 {[%emt 0:11:10]} dxe5 {[%emt 0:14:07]} 14. Bb3 {[%emt 0:01:00]} Bxf2+ {[%emt 0:00:27]} 15. Qxf2 {[%emt 0:03:44]} b6 {[%emt 0:10:48]} 16. Nd2 {[%emt 0:03:48]} Qe7 {[%emt 0:03:56]} 17. Nf3 {[%emt 0:06:56]} Kh7 {[%emt 0:10:30]} 18. Qg3 {[%emt 0:04:56]} Re8 {[%emt 0:01:30]} 19. Bd2 {[%emt 0:13:07]} e4 {[%emt 0:07:34]} 20. Nd4 {[%emt 0:00:52]} c5 {[%emt 0:01:13]} 21. Rf1 {[%emt 0:02:36]} e3 {[%emt 0:04:29]} 22. Nc6 {[%emt 0:03:41]} Qg5 {[%emt 0:01:06]} 23. Bc2+ {[%emt 0:00:54]} f5 {[%emt 0:02:17]} 24. Be1 {[%emt 0:00:38]} e2 {[%emt 0:01:35]} 25. Rf4 {[%emt 0:01:02]} Qxg3 {[%emt 0:00:36]} 26. hxg3 {[%emt 0:00:06]} g6 {[%emt 0:02:14]} 27. g4 {[%emt 0:00:28]} Bb7 {[%emt 0:01:17]} 28. gxf5 {[%emt 0:00:10]} Bxc6 {[%emt 0:00:33]} 29. fxg6+ {[%emt 0:00:06]} Kg8 {[%emt 0:00:06]} 30. Rf7 {[%emt 0:01:54]} Bd5 {[%emt 0:00:55]} 31. Rd7 {[%emt 0:00:27]} Rf8 {[%emt 0:00:26]} 32. Rxd5 {[%emt 0:00:36]} Rf1+ {[%emt 0:00:05]} 33. Kh2 {[%emt 0:00:02]} Rxe1 {[%emt 0:00:10]} 34. Re5 {[%emt 0:00:03]} Rd8 {[%emt 0:01:22]} 35. Re7 {[%emt 0:00:09]} c4 {[%emt 0:00:31]} 36. Bf5 {[%emt 0:00:14]} Rdd1 {[%emt 0:00:21]} 37. Kg3 {[%emt 0:01:39]} Rf1 {[%emt 0:00:16]} 38. Re8+ {[%emt 0:00:39]} Kg7 {[%emt 0:00:04]} 39. Re7+ {[%emt 0:00:04]} Kf8 {[%emt 0:00:35]} 40. Rxe2 {[%emt 0:00:00]} Rxf5 {[%emt 0:00:06]} 0-1

[Event "XVII MetLife Najdorf Open 2017"]
[Site "Warsaw"]
[Date "2017.07.15"]
[Round "7"]
[White "Skawinski, Arkadiusz"]
[Black "Romanishin, Oleg M"]
[Result "0-1"]
[WhiteElo "2386"]
[BlackElo "2463"]
[Annotator "TA"]
[PlyCount "76"]
[EventDate "2017.??.??"]
[EventType "swiss"]
[EventCountry "POL"]
[SourceTitle "playchess.com"]
[Source "ChessBase"]
[SourceQuality "1"]

{[%evp 27,76,26,32,15,22,10,23,17,12,18,16,0,0,0,0,0,0,0,0,0,0,-37,-35,-139,-61,-162,-126,-126,-147,-290,-264,-256,-198,-197,-125,-209,-180,-304,-294,-399,-399,-399,-399,-488,-488,-492,-507,-460,-239,-585,-593]} 1. e4 e5 2. Nf3 Nc6 3. Bb5 a6 4. Ba4 Nf6 5. O-O Be7 6. Re1 b5 7. Bb3 d6 8. c3 O-O 9. h3 Na5 10. Bc2 c5 11. d4 Nd7 12. Nbd2 cxd4 13. cxd4 Nc6 14. a4 Bb7 15. Nb3 {C96: Closed Ruy Lopez: Chigorin Defence: 11 d4, replies other than 11...Qc7} bxa4 16. Rxa4 Nb6 17. Ra1 {White has an edge.} a5 $1 18. d5 Nb4 $146 ({Predecessor:} 18... a4 19. dxc6 axb3 20. Rxa8 Bxa8 21. Bxb3 Bxc6 22. Be3 Nd7 {½-½ (57) Pohle,D (2227)-Arnaudov,P (2489) Goch 2012}) 19. Nxa5 {[#] Hoping for Bd2.} Qc7 20. Bd2 Rxa5 $1 21. Rxa5 Nxc2 22. Re2 $1 Nd4 23. Nxd4 exd4 24. Bf4 Nd7 $36 {[%mdl 2048] Black is more active.} 25. Qa4 (25. Ra3 $15) 25... d3 ({Black should try} 25... Nc5 $17 26. Rc2 Qd8) 26. Rd2 (26. Re1 $15 Bd8 27. b4) 26... Nc5 {[#]} 27. Rxc5 $1 {[%mdl 512]} Qxc5 28. Qd7 (28. Rxd3 $17 Bh4 29. Be3) 28... Bf6 29. Rxd3 Ba6 30. Ra3 Rd8 (30... Bb5 $19 31. Qb7 Bh4) 31. Qa4 (31. Qc6 $17 {was forced.} Bc4 32. Qxc5 dxc5 33. Ra4) 31... Bb5 $19 32. Qa5 (32. Qb3 {only move.}) 32... Qc4 33. Bg3 h5 {[%cal Bh7h5,Bh5h4][%mdl 32]} 34. Rf3 {aiming for Rxf6!} Re8 35. Kh2 Rxe4 36. Rf5 h4 37. Bxd6 Bd7 (37... Be8 $142 38. Qa1 Qd4) 38. Rf3 $2 (38. Rxf6 {was the crucial defense.} gxf6 39. Qd8+ Be8 40. Be7) 38... Qd4 {Precision: White = 28%, Black = 76%.} 0-1

[Event "XVII MetLife Najdorf Open 2017"]
[Site "Warsaw"]
[Date "2017.07.15"]
[Round "7"]
[White "Moehn, Hans"]
[Black "AlHuwar, Jasem"]
[Result "1-0"]
[WhiteElo "2380"]
[BlackElo "2275"]
[Annotator "NA RC"]
[PlyCount "87"]
[EventDate "2017.??.??"]
[EventType "swiss"]
[EventCountry "POL"]
[SourceTitle "playchess.com"]
[Source "ChessBase"]
[SourceQuality "1"]
[TimeControl "40/5400+30:1800+30"]

1. b3 c5 2. Bb2 Nc6 3. c4 e5 4. g3 g6 5. Bg2 Bg7 6. e3 Nge7 7. Nc3 O-O 8. d3 d6 9. Nge2 Be6 10. Nd5 Qd7 11. O-O Bh3 12. Qd2 h5 13. f4 Bxg2 14. Kxg2 b5 15. Rad1 a5 16. Nb6 Qb7 17. Nxa8 Rxa8 18. e4 b4 19. Ng1 a4 20. Nf3 a3 21. Bc1 Re8 22. Rde1 Nd8 23. Qf2 f6 24. Be3 Nec6 25. h3 Nd4 26. Nh4 Kf7 27. Bxd4 exd4 28. f5 g5 29. Ng6 Rg8 30. Qf3 Ke8 31. Qxh5 Qf7 32. Qf3 Qb7 33. Rh1 Nf7 34. h4 gxh4 35. Rxh4 Ne5 36. Nxe5 dxe5 37. Reh1 Qf7 38. Qh5 Qxh5 39. Rxh5 Kf7 40. Rh7 Kf8 41. Kf3 Kf7 42. R1h4 Kf8 43. Rg4 Kf7 44. Rhxg7+ 1-0

[Event "XVII MetLife Najdorf Open 2017"]
[Site "Warsaw"]
[Date "2017.07.15"]
[Round "7"]
[White "Raja Harshit"]
[Black "Annaberdiev, Meilis"]
[Result "0-1"]
[WhiteElo "2377"]
[BlackElo "2485"]
[Annotator "TA"]
[PlyCount "92"]
[EventDate "2017.??.??"]
[EventType "swiss"]
[EventCountry "POL"]
[SourceTitle "playchess.com"]
[Source "ChessBase"]
[SourceQuality "1"]

{[%evp 28,92,12,12,20,9,8,0,0,0,0,0,0,0,0,0,0,0,0,0,0,0,0,0,0,0,0,0,0,0,0,0,0,-5,-5,-7,0,0,0,0,0,0,0,-2,0,0,0,0,0,0,0,-8,-8,-971,-939,-850,-838,-826,-790,-1116,-1118,-1100,-1084,-1028,-956,-29980,-29981]} 1. e4 c5 2. Nf3 Nc6 3. d4 cxd4 4. Nxd4 g6 5. c4 Bg7 6. Be3 Nf6 7. Nc3 O-O 8. Be2 d6 9. O-O Bd7 10. f3 Nxd4 11. Bxd4 a5 {B38: Sicilian: Maroczy Bind with 5...Bg7 and 7...0-0} 12. Nd5 (12. b3 Bc6 13. Qd2 Nd7 14. Be3 Nc5 15. Rab1 Qb6 16. Rfc1 Rfc8 17. Rc2 Qb4 18. Qc1 Qb6 19. Kh1 h5 20. a3 Qd8 21. Qd2 Kh7 22. Bf1 Qf8 23. b4 axb4 24. axb4 Na4 25. Ne2 {1-0 (55) Navara,D (2734)-Mamedov,R (2650) Huaian 2016}) 12... Nxd5 13. cxd5 a4 14. Bxg7 Kxg7 15. Qd4+ {LiveBook: 3 Games} Kg8 16. Rac1 Qa5 17. Rc3 Rac8 18. Rfc1 Rxc3 19. Rxc3 Rc8 20. a3 Rxc3 21. Qxc3 $146 Qb6+ 22. Kf1 Bb5 23. Qc8+ Kg7 {aiming for ...Bxe2+.} 24. Qc3+ Kg8 25. Qc8+ Kg7 {Hoping for ...Bxe2+.} 26. Qc3+ f6 27. Bxb5 Qxb5+ $11 {[%mdl 4096] Endgame KQ-KQ} 28. Kf2 Qb6+ 29. Kf1 Kf7 30. Qc4 Qxb2 31. Qxa4 b5 32. Qb4 Qc1+ 33. Kf2 Qc5+ 34. Kg3 g5 35. h4 h5 {[%cal Bh7h5,Bh5h4][%mdl 32] Black wants to play ...Qg1.} 36. hxg5 fxg5 37. Qd2 Kg6 38. Qd3 Qg1 {( -> ...h4+)} 39. e5+ Kh6 40. exd6 $2 {[%mdl 8192]} (40. Qd2 $11) 40... h4+ $19 41. Kg4 Qxg2+ 42. Kf5 {[#]} Qh3+ $1 43. Ke5 Qg3+ 44. Ke6 Qxd6+ 45. Kf7 h3 {Strongly threatening ...Qf6+.} 46. Qf5 {[#]} Qf4 $1 {Precision: White = 44%, Black = 82%.} 0-1

[Event "XVII MetLife Najdorf Open 2017"]
[Site "Warsaw"]
[Date "2017.07.15"]
[Round "7"]
[White "Teclaf, Pawel"]
[Black "Kowalski, Igor"]
[Result "1-0"]
[WhiteElo "2372"]
[BlackElo "2226"]
[Annotator "NA RC"]
[PlyCount "65"]
[EventDate "2017.??.??"]
[EventType "swiss"]
[EventCountry "POL"]
[SourceTitle "playchess.com"]
[Source "ChessBase"]
[SourceQuality "1"]
[TimeControl "40/5400+30:1800+30"]

1. d4 {[%emt 0:00:00]} Nf6 {[%emt 0:00:04]} 2. Bg5 {[%emt 0:01:00]} e6 {[%emt 0:00:36]} 3. e4 {[%emt 0:00:04]} h6 {[%emt 0:00:03]} 4. Bxf6 {[%emt 0:00:04]} Qxf6 {[%emt 0:00:04]} 5. c3 {[%emt 0:01:21]} d6 {[%emt 0:00:53]} 6. Bd3 {[%emt 0:00:37]} Qg5 {[%emt 0:10:31]} 7. Nf3 {[%emt 0:22:27]} Qxg2 {[%emt 0:06:14]} 8. Rg1 {[%emt 0:00:05]} Qh3 {[%emt 0:00:03]} 9. Rg3 {[%emt 0:14:19]} Qh5 {[%emt 0:00:04]} 10. Nbd2 {[%emt 0:00:36]} g5 {[%emt 0:21:12]} 11. h3 {[%emt 0:10:26]} Nc6 {[%emt 0:04:19]} 12. Qb3 {[%emt 0:06:40]} Ne7 {[%emt 0:12:55]} 13. Be2 {[%emt 0:06:11]} Qg6 {[%emt 0:00:55]} 14. O-O-O {[%emt 0:00:49]} f5 {[%emt 0:01:47]} 15. exf5 {[%emt 0:02:00]} exf5 {[%emt 0:01:53]} 16. Bd3 {[%emt 0:02:31]} Qf7 {[%emt 0:08:57]} 17. Bc4 {[%emt 0:01:24]} d5 {[%emt 0:00:52]} 18. Ne5 {[%emt 0:00:30]} dxc4 19. Qa4+ b5 {[%emt 0:03:14]} 20. Qxb5+ {[%emt 0:04:47]} c6 {[%emt 0:00:03]} 21. Ndxc4 {[%emt 0:00:50]} Qf6 {[%emt 0:08:41]} 22. Qa4 {[%emt 0:00:21]} Bg7 {[%emt 0:05:33]} 23. d5 {[%emt 0:00:47]} f4 {[%emt 0:04:31]} 24. Rgd3 {[%emt 0:05:01]} O-O {[%emt 0:03:47]} 25. d6 {[%emt 0:01:10]} Nf5 {[%emt 0:01:00]} 26. d7 {[%emt 0:02:32]} Bb7 {[%emt 0:00:44]} 27. Ng4 {[%emt 0:01:18]} Qd8 {[%emt 0:03:26]} 28. Na5 {[%emt 0:00:45]} Ba6 {[%emt 0:01:27]} 29. Nxc6 {[%emt 0:00:20]} Bxd3 {[%emt 0:00:05]} 30. Nxd8 {[%emt 0:00:05]} Be2 {[%emt 0:00:15]} 31. Ne6 {[%emt 0:00:43]} Bxd1 {[%emt 0:00:18]} 32. Qxd1 {[%emt 0:00:10]} h5 {[%emt 0:00:16]} 33. Nxf8 {[%emt 0:00:22]} 1-0